| 000 | 00000nas 2200000za 4500 |
| 001 | 9.838394 |
| 003 | CaOODSP |
| 005 | 20240605153739 |
| 007 | cr ||||||||||| |
| 008 | 170615c20179999qucar p o||||f0 a0eng| |
| 022 | |a2560-8819 |
| 040 | |aCaOODSP|beng |
| 043 | |an-cn--- |
| 086 | 1 |aCH1-38E-PDF |
| 110 | 1 |aCanada. |bCanadian Heritage. |
| 222 | 0|aDepartmental results report |b(Canada. Canadian Heritage) |
| 245 | 10|aDepartmental results report |h[electronic resource] / |cCanadian Heritage. |
| 260 | |a[Gatineau, Quebec] : |bCanadian Heritage, |c[2017]- |
| 310 | |aAnnual |
| 362 | 1 |aBegan with: 2016/2017. |
| 500 | |aIssued also in French under title: Rapport sur les résultats ministériels. |
| 692 | 07|2gccst|aPerformance assessment |
| 692 | 07|2gccst|aHeritage |
| 775 | 08|tRapport sur les résultats ministériels |w(CaOODSP)9.838395 |
| 780 | 00|tDepartmental performance report |w(CaOODSP)9.506507 |